Escaleras, paredes y exteriores de hormigon / (Record no. 189865)

MARC details
000 -LEADER
campo de control de longitud fija 00818nam a2200229 i 4500
001 - NÚMERO DE CONTROL
campo de control 189865
003 - IDENTIFICADOR DE NÚMERO DE CONTROL
campo de control ES-MaACL
005 - FECHA Y HORA DE LA ÚLTIMA TRANSACCIÓN
campo de control 20250902221311.0
008 - DATOS DE LONGITUD FIJA--INFORMACIÓN GENERAL
campo de control de longitud fija 191213s1967 sp |||| | spa d
100 1# - ENTRADA PRINCIPAL--NOMBRE DE PERSONA
Nombre de persona Meier-Menzel, Hans Jürgen.
9 (RLIN) 79829
245 10 - MENCIÓN DEL TÍTULO
Título Escaleras, paredes y exteriores de hormigon /
Mención de responsabilidad, etc. [colaboradores, H.J. Meier-Menzel, F. Hierl, K. Halmburger ; traducción, A. Rodríguez Arias].
260 ## - PUBLICACIÓN, DISTRIBUCIÓN, ETC.
Lugar de publicación, distribución, etc. Barcelona :
Nombre del editor, distribuidor, etc. Blume,
Fecha de publicación, distribución, etc. [1967]
300 ## - DESCRIPCIÓN FÍSICA
Extensión 119 p. :
Otras características físicas il. ;
Dimensiones 26 cm.
490 1# - MENCIÓN DE SERIE
Mención de serie Colección "Detalles" ;
Designación de volumen o secuencia 5
650 #7 - PUNTO DE ACCESO ADICIONAL DE MATERIA--TÉRMINO DE MATERIA
Término de materia o nombre geográfico como elemento de entrada Estructuras de hormigón
Fuente del encabezamiento o término embne
9 (RLIN) 11296
700 1# - ENTRADA AGREGADA--NOMBRE PERSONAL
Nombre de persona Halmburger, K.
9 (RLIN) 169092
700 1# - ENTRADA AGREGADA--NOMBRE PERSONAL
Nombre de persona Hierl, F.
9 (RLIN) 169099
700 1# - ENTRADA AGREGADA--NOMBRE PERSONAL
Nombre de persona Rodríguez Arias, Alfonso.
9 (RLIN) 98346
830 0# - PUNTO DE ACCESO ADICIONAL DE SERIE-TÍTULO UNIFORME
Título uniforme Colección "Detalles" ;
Designación de volumen o secuencia 5
9 (RLIN) 193448
852 ## - LOCALIZACIÓN
Ubicación ES-MaACL
Número de control de estantería P-1186-4
Holdings
Estatus retirado Estado de pérdida Estado de daño No para préstamo Biblioteca de origen Biblioteca actual Ubicación en estantería Fecha de adquisición Fuente de adquisición Total de préstamos Signatura topográfica completa Código de barras Visto por última vez Precio de reemplazo Tipo de ítem Koha
        Biblioteca del Ateneo de Madrid Biblioteca del Ateneo de Madrid Depósito 2 13/12/2019     P-1186-5 1201394 23/02/2023 23/02/2023 Libro impreso